[Event "GER-chT U10"]
[Site "Magdeburg"]
[Date "2015.12.28"]
[Round "5.3"]
[White "Dethloff, Florian"]
[Black "Runds, Emily Sophie"]
[Result "0-1"]
[WhiteElo "758"]
[BlackElo "976"]
[PlyCount "76"]
[EventDate "2015.12.27"]
[EventType "team-swiss"]
[EventRounds "7"]
[EventCountry "GER"]
[SourceTitle "EXT 2017"]
[Source "ChessBase"]
[SourceDate "2016.10.25"]
[SourceVersion "1"]
[SourceVersionDate "2016.10.25"]
[SourceQuality "1"]
[WhiteTeam "Bad Schwartau"]
[BlackTeam "Erfurt Empor II"]
[WhiteTeamCountry "GER"]
[BlackTeamCountry "GER"]

1. e4 e5 2. Nf3 Nc6 3. Bc4 Bc5 4. Nc3 Nf6 5. d3 d6 6. Bg5 h6 7. Bh4 Bg4 8. Nd5 a6 9. 0-0 g5 10. Bg3 Nh5 11. h3 Be6 12. Ne3 Bxc4 13. dxc4 Nxg3 14. fxg3 Qd7 15. Kh2 Bxe3 16. Re1 Bc5 17. a3 0-0-0 18. c3 g4 19. Ng1 gxh3 20. Nxh3 Rdg8 21. Rf1 Kb8 22. Rf3 f6 23. Rxf6 Qg7 24. Qf3 Ne7 25. Rf7 Qg6 26. b4 Ba7 27. Rxe7 Rf8 28. Nf4 Qf6 29. Re6 Qg7 30. Rg6 Qf7 31. Qh5 exf4 32. Rf1 Qxc4 33. Rxf4 Rxf4 34. gxf4 Qxe4 35. Rxh6 Rg8 36. Rg6 Rxg6 37. Kh3 Qxg2+ 38. Kh4 Qg3# 0-1

[Event "GER-chT U10"]
[Site "Magdeburg"]
[Date "2015.12.27"]
[Round "2.3"]
[White "Runds, Emily Sophie"]
[Black "Mueller, Johannes3333"]
[Result "0-1"]
[WhiteElo "976"]
[BlackElo "781"]
[PlyCount "71"]
[EventDate "2015.12.27"]
[EventType "team-swiss"]
[EventRounds "7"]
[EventCountry "GER"]
[SourceTitle "EXT 2017"]
[Source "ChessBase"]
[SourceDate "2016.10.25"]
[SourceVersion "1"]
[SourceVersionDate "2016.10.25"]
[SourceQuality "1"]
[WhiteTeam "Erfurt Empor II"]
[BlackTeam "Leipzig Gruen Weiss II"]
[WhiteTeamCountry "GER"]
[BlackTeamCountry "GER"]

1. e4 e5 2. Nf3 Nc6 3. d4 f6 4. d5 Bb4+ 5. c3 Bxc3+ 6. bxc3 Na5 7. c4 d6 8. Bd2 c5 9. Qa4+ Bd7 10. Qa3 b6 11. Bc3 Ne7 12. Nbd2 0-0 13. g3 Qc7 14. Bg2 Ng6 15. 0-0 Bg4 16. Qc1 Nb7 17. h3 Bd7 18. Nb3 Ba4 19. Bd2 Qd7 20. Bh6 gxh6 21. Qxh6 Qc7 22. Nh4 Nxh4 23. Qxh4 Kh8 24. Nd2 Rae8 25. Nf3 Qg7 26. Qh5 Nd8 27. Nh4 Nf7 28. Nf5 Qg5 29. Qxg5 fxg5 30. h4 Bc2 31. h5 Bd3 32. Rfd1 Bxc4 33. h6 Bb5 34. Ng7 Re7 35. Ne6 Rg8 36. Rac1 0-1